| 000 | 00950nam a2200229 i 4500 | ||
|---|---|---|---|
| 001 | 110852 | ||
| 003 | ES-MaACL | ||
| 005 | 20260127062540.0 | ||
| 008 | 070201s1932 sp |||| | spa d | ||
| 080 | _a35.078(460) | ||
| 100 | 1 |
_aRedondo, Pedro. _995822 |
|
| 245 | 1 | 3 |
_aLa teoría del silencio administrativo en la legislación y en la jurisprudencia española _b: conferencia pronunciada en la Academia Nacional de Jurisprudencia y Legislación / _cpor Pedro Redondo. |
| 260 |
_aMadrid : _bReus, _c1932. |
||
| 300 |
_a48 p. ; _c18 cm. |
||
| 490 | 1 |
_aPublicaciones de la Real Academia de Jurisprudencia y Legislación ; _v82 |
|
| 594 | _aEl 10 de enero de 1931. | ||
| 650 | 4 |
_aSilencio (Derecho) _9170854 |
|
| 700 |
_aReal Academia de Jurisprudencia y Legislación de España _9217612 |
||
| 830 | 0 |
_aPublicaciones de la Real Academia de Jurisprudencia y Legislación ; _v82 _9180630 |
|
| 852 |
_aES-MaACL _jL-5246 |
||
| 999 |
_c110852 _d110852 |
||